Pop culture en images - D - Statistiques

Statistiques générales
  • Ce quiz a été pris 483 fois
  • Le résultat moyen est 7 sur 16
Statistiques - réponses
Par images Réponse % Correct
Dory
98%
Dobby
95%
Docteur Strange
80%
Diego
69%
Daffy Duck
67%
Deku
65%
Deidara
47%
Dan Humphrey
38%
Denji
31%
Dominic Toretto
26%
Dead by Daylight
21%
Daiki Aomine
18%
Dorémi Harukaze
17%
Dead Island
12%
Daxter
10%
Dungeon Defenders
1%
Aucun quiz correspondant
Distribution des résultats
% des personnes avec chaque résultat
Percentile par nombre de réponses
Votre historique - résultats
Vous n’avez pas pris ce quiz